000 00649nam a2200193 a 4500
001 000035394
005 20200930074317.0
008 111031s1952 fr 000 0 spa d
040 _aDO-SdBNP
_bspa
_cBNPHU
082 _axxxx
_bG619s
100 1 _aGoldmann, Lucien
_913403
245 1 0 _aSciences humaines et philosophie /
_cLucien Goldmann.
260 _aParis :
_bPresses universitaires de France,
_c1952.
300 _a145 p. ;
_c18 cm.
490 1 _aNouvelle encyclopédie philosophique
504 _aIncluye referencias bibliográficas y notas al pie de la páginas.
830 0 _aNouvelle encyclopédie philosophique
_961218
049 _aBNGR
999 _c34885
_d34885